[Event "Harplinge Mini Open"]
[Site "Tylosand"]
[Date "2016.05.06"]
[Round "6.6"]
[White "Ivarsson, Sebastian"]
[Black "Morell, Adam"]
[Result "1-0"]
[WhiteElo "1368"]
[BlackElo "1525"]

1.e4 c5 2.Nf3 d6 3.d4 cxd4 4.Nxd4 Nf6 5.Nc3 a6 6.Bc4 b5 7.Bb3 e6 8.O-O Be7
9.Re1 Qc7 10.a4 b4 11.Na2 e5 12.Nf3 a5 13.c3 bxc3 14.Nxc3 Ba6 15.Nd5 Qd8 
16.Nxf6+ gxf6 17.Qd5 Qb6 18.Be3 Qc6 19.Qxf7+ Kd7 20.Qe6+ Ke8 21.Bd5 Qc2 
22.Bxa8 Bc4 23.Qc8+ Bd8 24.Qxb8 Ke7 25.Qa7+ Ke6 26.Bd5+ Bxd5 27.exd5+ Kxd5
28.Red1+ Ke6 29.Qa6 Be7 30.Qxa5 Rg8 31.Qd5+ 1-0

[Event "Deltalift Open"]
[Site "Tylosand"]
[Date "2016.05.06"]
[Round "6.1"]
[White "Hector, Jonny"]
[Black "Holm, Kristian Stuvik"]
[Result "1-0"]
[WhiteElo "2512"]
[BlackElo "2418"]

1.e4 c5 2.Nf3 e6 3.d4 cxd4 4.Nxd4 a6 5.Nc3 b5 6.Bd3 Ne7 7.O-O Nec6 8.Nf3 
d6 9.Bf4 Nd7 10.Re1 Be7 11.Bf1 Nde5 12.a4 b4 13.Nb1 O-O 14.Nbd2 Qc7 15.Rc1
Rd8 16.c3 Qb7 17.cxb4 Qxb4 18.Re3 Bd7 19.Nc4 Rab8 20.Nfxe5 dxe5 21.Nxe5 
Nxe5 22.Bxe5 Rbc8 23.Rg3 g6 24.Rxc8 Bxc8 25.Qc2 Bb7 26.Re3 Bg5 27.Bc3 Qb6 
28.Rd3 Rc8 29.Rd7 Bf6 30.Qd3 Bxc3 31.bxc3 Bc6 32.Rd4 a5 33.h4 Be8 34.h5 
Qc7 35.h6 Kf8 36.Rc4 Qd8 37.Rxc8 Qxc8 38.Qd6+ Kg8 39.Qe5 Kf8 40.Qxa5 1-0

[Event "Deltalift Open"]
[Site "Tylosand"]
[Date "2016.05.06"]
[Round "6.2"]
[White "Karlsson, Lars"]
[Black "Brynell, Stellan"]
[Result "1/2-1/2"]
[WhiteElo "2441"]
[BlackElo "2445"]

1.b3 e5 2.Bb2 Nc6 3.Nf3 e4 4.Ne5 Nf6 5.e3 Nxe5 6.Bxe5 d5 7.c4 dxc4 8.Nc3 
cxb3 9.Qxb3 Be7 10.Nb5 O-O 11.Bxc7 Qd5 12.Bg3 Qxb3 13.axb3 a6 14.Nc7 Ra7 
15.Nb5 Ra8 16.Nc7 Ra7 1/2-1/2

[Event "Deltalift Open"]
[Site "Tylosand"]
[Date "2016.05.06"]
[Round "6.3"]
[White "Johansson, Linus"]
[Black "Jepson, Christian"]
[Result "1/2-1/2"]
[WhiteElo "2427"]
[BlackElo "2440"]

1.d4 d5 2.c4 e6 3.Nc3 Be7 4.Nf3 Nf6 5.Bg5 h6 6.Bh4 O-O 7.e3 b6 8.Be2 Bb7 
9.Bxf6 Bxf6 10.cxd5 exd5 11.b4 c6 12.O-O a5 13.a3 Nd7 14.Qb3 Re8 15.b5 c5 
16.Nxd5 Bxd4 17.Rad1 Ne5 18.Nf4 Nxf3+ 19.Bxf3 Bxf3 20.gxf3 Qf6 21.Qd5 Be5 
22.Nh5 Qh4 23.Ng3 Bxg3 24.hxg3 Qa4 25.Qc6 Rec8 26.Qxb6 Rab8 27.Qa6 Qxb5 
28.Qxb5 Rxb5 29.Rb1 1/2-1/2

[Event "Deltalift Open"]
[Site "Tylosand"]
[Date "2016.05.06"]
[Round "6.4"]
[White "Reid, Gregor"]
[Black "Tikkanen, Hans"]
[Result "0-1"]
[WhiteElo "2170"]
[BlackElo "2525"]

1.Nf3 d5 2.g3 g6 3.Bg2 Bg7 4.O-O e5 5.d3 Ne7 6.c4 c6 7.Nc3 d4 8.Na4 Nd7 9.
b4 O-O 10.Rb1 b5 11.Nb2 Nb6 12.a4 bxc4 13.Nxc4 Nxc4 14.dxc4 e4 15.Nd2 f5 
16.Bb2 Be6 17.Nb3 Bxc4 18.Bxd4 Bxd4 19.Nxd4 Bf7 20.Qd2 Qd6 21.Rfd1 Rfd8 
22.Qc2 Qf6 23.e3 a5 24.b5 cxb5 25.Nxb5 Nd5 26.Qb2 Qxb2 27.Rxb2 Nb4 28.
Rxd8+ Rxd8 29.Nd4 Rc8 30.Bf1 Rc1 31.Kg2 Nd3 32.Rb8+ Kg7 33.Rb7 Ra1 34.Nc6 
Kf6 35.Rb6 Ne1+ 36.Kh3 Rxa4 37.Nxa5+ Kg5 38.Nc6 Ra2 39.Ne5 Bg8 40.Rb8 Rxf2
41.Rxg8 Rxf1 42.Rh8 Kf6 43.Nd7+ Kg7 44.Re8 Kf7 45.Rh8 Kg7 46.Re8 Kf7 47.
Rh8 h5 48.Rh7+ Ke6 49.Nf8+ Kf6 50.Nd7+ Ke6 51.Nf8+ Kf6 52.Nd7+ Kg5 53.Rf7 
Rf2 54.Nf8 Nf3 55.Ne6+ Kh6 56.g4 h4 57.g5+ Nxg5+ 58.Nxg5 Kxg5 59.Rxf5+ 0-1

[Event "Deltalift Open"]
[Site "Tylosand"]
[Date "2016.05.06"]
[Round "6.5"]
[White "Lindgren, Philip"]
[Black "Holst, Conny"]
[Result "1-0"]
[WhiteElo "2406"]
[BlackElo "2160"]

1.Nf3 Nf6 2.c4 e6 3.g3 b6 4.Bg2 Bb7 5.d4 Bb4+ 6.Bd2 a5 7.O-O O-O 8.Nc3 
Bxc3 9.Bxc3 Ne4 10.Qc2 Nxc3 11.Qxc3 d6 12.Qc2 f5 13.Rad1 Qe7 14.Nh4 Bxg2 
15.Nxg2 e5 16.dxe5 Qxe5 17.Ne3 g6 18.Nd5 Na6 19.a3 Rae8 20.e3 Qe4 21.Qc3 
Qe5 22.Qc2 Qe4 23.Qe2 Rf7 24.b4 axb4 25.axb4 Nb8 26.b5 Nd7 27.Nxc7 Rc8 28.
Rd4 Qb7 29.Nd5 Ne5 30.f4 Nd7 31.Nb4 Re8 32.Rxd6 Qe4 33.Nd5 Kg7 34.Rd1 Nc5 
35.Qb2+ Kh6 36.Rd4 Qf3 37.Qg2 Rxe3 38.Nxe3 Qxe3+ 39.Qf2 Qc1+ 40.Qf1 1-0

[Event "Deltalift Open"]
[Site "Tylosand"]
[Date "2016.05.06"]
[Round "6.6"]
[White "Wahlstrom, Lennarth"]
[Black "Welin, Mats"]
[Result "1-0"]
[WhiteElo "2153"]
[BlackElo "2338"]

1.e4 e5 2.Nf3 Nc6 3.Nc3 Nf6 4.d4 Bb4 5.Nxe5 Bxc3+ 6.bxc3 Qe7 7.Nxc6 Qxe4+ 
8.Qe2 dxc6 9.Qxe4+ Nxe4 10.Bb2 Be6 11.Bd3 Nd6 12.O-O O-O-O 13.Rfe1 Rhe8 
14.a4 a5 15.Ba3 Nc4 16.Rxe6 fxe6 17.Bxc4 Kd7 18.Re1 b6 19.Re3 Rb8 20.Rf3 
b5 21.Rf7+ Kd8 22.axb5 cxb5 23.Bb3 b4 24.cxb4 axb4 25.Bb2 Re7 26.Rf8+ Re8 
27.Rxe8+ Kxe8 28.Bxe6 Rb6 29.Bb3 1-0

[Event "Deltalift Open"]
[Site "Tylosand"]
[Date "2016.05.06"]
[Round "6.7"]
[White "Nilsson, Anders"]
[Black "Svorono, Gabriel"]
[Result "0-1"]
[WhiteElo "2224"]
[BlackElo "2038"]

1.d4 d5 2.Bf4 Nf6 3.e3 c5 4.Nc3 a6 5.dxc5 Nc6 6.Na4 e5 7.Bg5 Qa5+ 8.c3 Ne4
9.Nf3 Nxc5 10.Nxc5 Qxc5 11.Be2 f6 12.Bh4 Be6 13.Nd2 Be7 14.Nb3 Qb6 15.Bg4 
Bf7 16.h3 O-O 17.O-O a5 18.Qd2 a4 19.Nc1 Na5 20.Nd3 Nc4 21.Qc2 g5 22.Bg3 
Bg6 23.Rad1 f5 24.Be2 f4 25.exf4 gxf4 26.Bh2 Be4 27.b3 Qg6 28.Bg4 h5 29.
bxc4 hxg4 30.hxg4 dxc4 31.Nxe5 Bxc2 32.Nxg6 Bxg6 33.Rd4 b5 34.Bxf4 Bf6 35.
Rd6 Bd3 36.Rc1 Bxc3 37.Be3 Bb2 38.Rd1 Rad8 39.Rb6 c3 40.Bg5 c2 41.Re1 Rde8
42.Be3 c1=Q 0-1

[Event "Deltalift Open"]
[Site "Tylosand"]
[Date "2016.05.06"]
[Round "6.8"]
[White "Blomstrom, Lars"]
[Black "Kockum, Anton Frisk"]
[Result "1/2-1/2"]
[WhiteElo "2145"]
[BlackElo "2382"]

1.e4 e6 2.d4 d5 3.Nc3 Bb4 4.Ne2 Nc6 5.a3 Ba5 6.e5 f6 7.exf6 Nxf6 8.Be3 O-O
9.Ng3 e5 10.dxe5 Nxe5 11.Be2 c6 12.O-O Bg4 13.Bd4 Bxe2 14.Ncxe2 Nc4 15.Nf4
Qd7 16.Nfh5 Ne8 17.b3 Ncd6 18.Qe2 Bb6 19.Bxb6 axb6 20.Qe5 Qf7 21.Ne2 Ne4 
22.f3 Nc5 23.Nhg3 Qg6 24.Qc3 Nd6 25.a4 Rae8 26.Rae1 Nd7 27.Qd2 Qf6 28.Nd4 
g6 29.c3 h5 30.Rxe8 Rxe8 31.Re1 Rxe1+ 32.Qxe1 Kf7 33.Qe3 h4 34.Nf1 c5 35.
Ne2 g5 36.Qd3 Qf5 37.Qd1 Qe5 38.Qd3 Qf5 39.Qd1 Qe5 40.Qd3 Nf6 41.Ne3 Ke6 
42.g3 hxg3 43.hxg3 Nf5 44.Kf2 Nxe3 45.Qxe3 Qxe3+ 46.Kxe3 Kf5 47.Kd3 Ne8 
48.Ke3 Nd6 49.Kd3 Ne8 50.Ke3 Nc7 51.Kd3 Ne6 52.Ke3 Nd8 53.Kd3 Nc6 54.Ke3 
Na5 55.Nc1 Nc6 56.Ne2 Kf6 57.Kd2 Ke6 58.Kd3 Ke5 59.Ke3 Kf5 60.Kd3 Nd8 61.
Ke3 Ne6 62.Kd3 Nc7 63.Ke3 b5 64.axb5 Nxb5 65.Kd3 Nd6 66.b4 b6 67.bxc5 bxc5
68.Ke3 Nc4+ 69.Kd3 Kf6 70.Nc1 Ke5 71.Ne2 Kf5 72.Nc1 Nd6 73.Ne2 Kf6 74.Ke3 
Ke6 75.Kd3 Nf5 76.g4 Nd6 77.f4 gxf4 78.Nxf4+ Ke5 79.Ng6+ Kf6 80.Nf4 Ke5 
1/2-1/2

[Event "Deltalift Open"]
[Site "Tylosand"]
[Date "2016.05.06"]
[Round "6.9"]
[White "Aaberg, Anton"]
[Black "Backman, Andreas"]
[Result "1-0"]
[WhiteElo "2365"]
[BlackElo "2149"]

1.d4 d5 2.Nf3 c6 3.Bf4 Nf6 4.e3 Bg4 5.h3 Bh5 6.g4 Bg6 7.Ne5 e6 8.h4 Qb6 9.
Qc1 Nfd7 10.Nxg6 hxg6 11.Nd2 Nf6 12.g5 Nfd7 13.c4 Na6 14.c5 Naxc5 15.dxc5 
Bxc5 16.Be2 e5 17.Bg3 O-O-O 18.O-O f5 19.gxf6 gxf6 20.Qc2 f5 21.Nf3 Rde8 
22.b4 Bd6 23.Rfd1 Nf6 24.a4 f4 25.a5 Qc7 26.exf4 exf4 27.Bh2 Ng4 28.a6 
Nxh2 29.axb7+ Kb8 30.Nd4 c5 31.Nb5 Rxe2 32.Qxe2 Qd7 33.Rxa7 f3 34.Ra8+ 
Kxb7 35.Nxd6+ Kxa8 36.Qa6+ Qa7 37.Qc6+ Kb8 38.bxc5 1-0

[Event "Deltalift Open"]
[Site "Tylosand"]
[Date "2016.05.06"]
[Round "6.10"]
[White "Malekian, Babak"]
[Black "Ylonen, Anders"]
[Result "1/2-1/2"]
[WhiteElo "2275"]
[BlackElo "2104"]

1.b3 e5 2.Bb2 Nc6 3.e3 Nf6 4.Bb5 Bd6 5.Na3 a6 6.Bxc6 dxc6 7.Nc4 Qe7 8.a4 
Bf5 9.Ne2 O-O 10.Ng3 Bg6 11.O-O Nd5 12.Nxd6 cxd6 13.f4 exf4 14.exf4 f5 15.
Qf3 Rae8 16.Qf2 Qd8 17.c4 Nf6 18.Rae1 Rxe1 19.Rxe1 Re8 20.Rxe8+ Nxe8 21.
Qe3 Kf7 22.Kf2 Qe7 23.Qxe7+ Kxe7 24.h4 Nf6 25.Bxf6+ Kxf6 26.a5 Bf7 27.Ke3 
h6 28.Nf1 Bh5 29.Kd4 Be2 30.Ne3 Ke6 31.b4 Kf6 32.d3 Bh5 33.Kc3 Ke6 34.Kd2 
Be8 35.Nc2 Bd7 36.Ke3 Be8 37.Nd4+ Kf6 38.Ne2 Bh5 39.Nc3 Be8 40.Kd4 Ke6 41.
Nd1 Bh5 42.Ne3 Be8 43.Kc3 Bd7 44.d4 d5 45.cxd5+ cxd5 46.Nf1 h5 47.Nd2 g6 
48.Nb3 Kd6 49.Nc5 Bc6 50.b5 Bxb5 51.Nxb7+ Kc7 52.Nc5 Kd6 53.g3 Bc4 54.Kb4 
Bb5 55.Nb3 Be2 56.Nd2 Kc6 57.Nb1 Bd3 58.Nc3 Bc2 59.Ka3 Bd3 60.Kb3 Kd6 61.
Nd1 Kc6 62.Kb4 Bc2 63.Nf2 Kd6 64.Nh3 Bd3 65.Ng5 Bb5 66.Nf7+ Ke6 67.Ne5 Kd6
68.Nxg6 Be8 69.Ne5 Bb5 70.Nf7+ Ke6 71.Nd8+ Kd7 72.Nb7 Kc6 73.Nc5 Kd6 74.
Kc3 Bc4 75.Na4 Kc6 76.Kb4 Bb5 77.Nc3 Bc4 78.Nd1 Kd6 79.Ne3 Bd3 80.Nd1 Bb5 
81.Kc3 Bd7 82.Ne3 Bc8 83.Nc2 Bd7 84.Ne3 Bc8 85.Kb3 Bd7 86.Kb4 Bc8 87.Nc2 
Bd7 88.Ne1 Bb5 89.Nf3 Bd7 90.Ne5 Be8 91.Kc3 Ke6 92.Kb3 Ke7 93.Nd3 Bb5 94.
Nb4 Kd6 95.Kc3 Bc4 96.Kd2 Bb5 97.Ke3 Bc4 98.Kf3 1/2-1/2

[Event "Deltalift Open"]
[Site "Tylosand"]
[Date "2016.05.06"]
[Round "6.11"]
[White "Horbing, Stefan"]
[Black "Lindhe, Magnus"]
[Result "1-0"]
[WhiteElo "2072"]
[BlackElo "2215"]

1.e4 e5 2.Nf3 d6 3.d4 Qe7 4.Nc3 c6 5.h3 Nf6 6.Be3 h6 7.a4 a5 8.Be2 Qc7 9.
O-O Nbd7 10.Re1 g5 11.Bc4 Rh7 12.Qd3 Be7 13.Ba2 Nh5 14.Ne2 Nf4 15.Qd2 Nf6 
16.Ng3 Kf8 17.Qc3 Ng6 18.Rad1 Nh4 19.Nd2 g4 20.dxe5 dxe5 21.hxg4 Bxg4 22.
f3 Be6 23.Bxe6 fxe6 24.Qb3 Qc8 25.Nc4 Nd7 26.Rxd7 Qxd7 27.Nb6 Qe8 28.Nxa8 
Qg6 29.Bf2 Kf7 30.Nc7 Rg7 31.Rd1 Qf6 32.Rd7 Qf4 33.Qxe6+ Kf8 34.Rd8+ 1-0

[Event "Deltalift Open"]
[Site "Tylosand"]
[Date "2016.05.06"]
[Round "6.12"]
[White "Arnelind, Mikael"]
[Black "Nilsson, Patrik 1968"]
[Result "1-0"]
[WhiteElo "2194"]
[BlackElo "2015"]

1.d4 Nf6 2.c4 g6 3.Nc3 Bg7 4.e4 d6 5.h3 O-O 6.Be3 e5 7.d5 a5 8.g4 Na6 9.
Nf3 Nc5 10.Nd2 c6 11.Qc2 cxd5 12.cxd5 Bd7 13.f3 a4 14.a3 Qb8 15.Kf2 b5 16.
Na2 Rc8 17.Qd1 Rc7 18.Nb4 Qc8 19.Be2 Ne8 20.Kg2 f5 21.g5 Bh8 22.Qf1 Ng7 
23.Bxb5 Bxb5 24.Qxb5 Nh5 25.Rae1 Rb8 26.Qe2 Nf4+ 27.Bxf4 exf4 28.e5 Bxe5 
29.Nc4 Nd7 30.Nc6 Rxc6 31.dxc6 Qxc6 32.Rc1 Qb5 33.Rc2 Qa6 34.Qd3 Rb3 35.
Qd5+ Kg7 36.Nxe5 Nxe5 37.Rhc1 Nd7 38.Qd4+ Kf7 39.Qd5+ Kg7 40.Re1 Re3 41.
Rxe3 fxe3 42.Qd4+ Ne5 43.Qxe3 Qa5 44.Qd4 f4 45.Qxd6 Qe1 46.Qf6+ Kg8 47.
Rc8# 1-0

[Event "Deltalift Open"]
[Site "Tylosand"]
[Date "2016.05.06"]
[Round "6.13"]
[White "Arvidsson, Tomas"]
[Black "Ivarsson, Torbjorn"]
[Result "0-1"]
[WhiteElo "2029"]
[BlackElo "2185"]

1.e4 e6 2.d4 d5 3.e5 c5 4.c3 Nc6 5.Nf3 Bd7 6.Be2 Nge7 7.a3 cxd4 8.b4 dxc3 
9.b5 Na5 10.Nxc3 Rc8 11.Na4 Ng6 12.Qd4 Nb3 13.Qb2 Nxa1 14.Qxa1 Qa5+ 0-1

[Event "Deltalift Open"]
[Site "Tylosand"]
[Date "2016.05.06"]
[Round "6.14"]
[White "Karlsson, Jorgen"]
[Black "Hakansson, Stefan"]
[Result "1-0"]
[WhiteElo "2170"]
[BlackElo "1997"]

1.e4 c5 2.Nf3 Nc6 3.g3 g6 4.Bg2 Bg7 5.O-O d6 6.c3 Nf6 7.Re1 Bg4 8.h3 Bxf3 
9.Bxf3 Ne5 10.Be2 O-O 11.f4 Nc6 12.Bf3 e5 13.d3 d5 14.Nd2 Qd7 15.Kg2 Rad8 
16.Qa4 Qc7 17.Nb3 dxe4 18.dxe4 Nd7 19.Qc4 Na5 20.Nxa5 Qxa5 21.a4 Qc7 22.a5
Kh8 23.f5 Nb8 24.Be3 Rc8 25.Red1 Rfd8 26.fxg6 fxg6 27.Bg4 Rxd1 28.Rxd1 Rd8
29.Qxc5 Nc6 30.b4 h5 31.Be2 Rxd1 32.Bxd1 Qf7 33.Qd5 Qe7 34.Bb3 Qe8 35.Qf7 
Qxf7 36.Bxf7 Kh7 37.b5 Nd8 1-0

[Event "Deltalift Open"]
[Site "Tylosand"]
[Date "2016.05.06"]
[Round "6.15"]
[White "Berglind, Axel"]
[Black "Wallin, Dennis"]
[Result "1/2-1/2"]
[WhiteElo "1873"]
[BlackElo "2184"]

1.c4 e6 2.Nf3 c5 3.g3 b6 4.Bg2 Bb7 5.O-O Nf6 6.b3 Be7 7.Bb2 d5 8.cxd5 exd5
9.d4 O-O 10.Nc3 Nc6 11.e3 Ba6 12.Re1 Ne4 13.Bf1 Bxf1 14.Rxf1 Nxc3 15.Bxc3 
Qd6 16.Qd3 Rfd8 17.Rad1 Qe6 18.Kg2 a5 19.Rfe1 a4 20.Qc2 axb3 21.axb3 f5 
22.Ra1 Qe4 23.Qxe4 fxe4 24.Ng1 cxd4 25.Bxd4 Nxd4 26.exd4 Bb4 27.Red1 Rac8 
28.Rac1 g5 29.Ne2 Kf7 30.g4 b5 31.Ra1 Rc2 32.Ng3 e3 33.Kf3 Rxf2+ 34.Kxe3 
Rxh2 35.Rh1 Re8+ 36.Kf3 Rxh1 37.Rxh1 Rc8 38.Rxh7+ Kg6 39.Rb7 Rc3+ 40.Kg2 
Rxb3 1/2-1/2

[Event "Deltalift Open"]
[Site "Tylosand"]
[Date "2016.05.06"]
[Round "6.16"]
[White "Sadiku, Halil"]
[Black "Haugli, Petter"]
[Result "0-1"]
[WhiteElo "1980"]
[BlackElo "2254"]

1.d4 Nf6 2.Nf3 g6 3.Bg5 Bg7 4.Bxf6 Bxf6 5.e4 d6 6.c3 O-O 7.Bd3 c5 8.O-O 
cxd4 9.cxd4 Bg4 10.Qb3 Bxf3 11.gxf3 Bxd4 12.Qxb7 Nd7 13.Nc3 Bxc3 14.bxc3 
Nc5 15.Qd5 Rc8 16.Be2 Ne6 17.Qd2 Qa5 18.Rfc1 Qe5 19.Rab1 Rc5 20.Qe3 Rfc8 
21.c4 Nf4 22.Kh1 Qf6 23.Rg1 Nxe2 24.Qxe2 Rxc4 25.Rg3 Rc2 26.Qe3 Rxa2 27.
Qh6 Ra1 28.Rxa1 Qxa1+ 29.Rg1 Qf6 30.Rg3 Rc2 31.Qe3 a5 32.f4 Rc4 33.f3 Qb2 
34.f5 Qc1+ 35.Qxc1 Rxc1+ 36.Kg2 Rc2+ 37.Kg1 a4 38.fxg6 a3 0-1

[Event "Deltalift Open"]
[Site "Tylosand"]
[Date "2016.05.06"]
[Round "6.17"]
[White "Lindborg, Patrik"]
[Black "Kenani, Dariush"]
[Result "1-0"]
[WhiteElo "2158"]
[BlackElo "1981"]

1.d4 d5 2.c4 c6 3.Nc3 e6 4.Nf3 Nf6 5.e3 Bd6 6.Bd3 Nbd7 7.O-O O-O 8.e4 dxe4
9.Nxe4 Nxe4 10.Bxe4 f5 11.Bc2 e5 12.c5 Bc7 13.Bb3+ Kh8 14.Ng5 Nf6 15.dxe5 
Qxd1 16.Rxd1 Nd5 17.Bxd5 cxd5 18.Rxd5 h6 19.Nf3 Be6 20.Rd1 Rad8 21.Bd2 Rd5
22.Bc3 Rfd8 23.Rxd5 Rxd5 24.Re1 Kg8 25.Nd4 Kf7 26.Nb3 Rd3 27.Nd4 Ba5 28.
Nxe6 Bxc3 29.Nf4 Rd4 30.e6+ Ke8 31.Ne2 Bxe1 32.Nxd4 Ke7 33.Kf1 Bd2 34.Ke2 
Bc1 35.b3 Bb2 36.Kd3 Bxd4 37.Kxd4 Kxe6 38.b4 g5 39.a4 h5 40.b5 h4 41.f3 a5
42.g3 h3 43.f4 gxf4 44.gxf4 1-0

[Event "Deltalift Open"]
[Site "Tylosand"]
[Date "2016.05.06"]
[Round "6.18"]
[White "Andersson, Kjell-Ake"]
[Black "Nilsson, Patrik 1978"]
[Result "1/2-1/2"]
[WhiteElo "1946"]
[BlackElo "2155"]

1.c4 f5 2.g3 Nf6 3.Bg2 g6 4.Nf3 Bg7 5.O-O O-O 6.Nc3 d6 7.d3 e5 8.Rb1 h6 9.
Nd2 g5 10.b4 c6 11.Qb3 Qe8 12.b5 Qh5 13.Re1 Kh8 14.bxc6 Nxc6 15.Ba3 f4 16.
Bxd6 Ng4 17.Bxf8 Bxf8 18.Nf1 Nxf2 19.Kxf2 Bc5+ 20.e3 Nd4 21.exd4 Bxd4+ 22.
Ne3 Qxh2 23.Ne4 Bh3 24.Kf3 g4+ 25.Ke2 Bxe3 26.Qxb7 Rd8 27.Nf6 Qxg2+ 28.
Qxg2 Bxg2 29.Nxg4 Bd4 30.gxf4 exf4 31.Nxh6 f3+ 32.Kd2 Rf8 33.Ng4 f2 34.
Nxf2 Rxf2+ 35.Re2 Bc3+ 36.Ke3 Bd4+ 37.Kd2 Bc3+ 38.Ke3 Bd4+ 1/2-1/2

[Event "Deltalift Open"]
[Site "Tylosand"]
[Date "2016.05.06"]
[Round "6.19"]
[White "Westergren, Bertil"]
[Black "Johansson, David"]
[Result "1/2-1/2"]
[WhiteElo "1928"]
[BlackElo "2118"]

1.d4 Nf6 2.c4 c5 3.d5 e6 4.Nc3 exd5 5.cxd5 d6 6.e4 g6 7.Be2 Bg7 8.Nf3 O-O 
9.O-O a6 10.a4 Re8 11.Qc2 Qe7 12.Nd2 Nbd7 13.f3 Rb8 14.a5 Nh5 15.Nc4 Bd4+ 
16.Be3 Ne5 17.Bxd4 cxd4 18.Nd1 Qg5 19.Nxe5 dxe5 20.Nf2 Bd7 21.Rfd1 Nf4 22.
Bf1 h5 23.g3 h4 24.g4 Rec8 25.Qd2 Qf6 26.Ra3 Rc7 27.Rc1 Rbc8 28.Rxc7 Rxc7 
29.Ra1 Qd6 30.Nd3 Nxd3 31.Bxd3 Kg7 32.Rc1 Rxc1+ 33.Qxc1 Qb4 34.h3 Qxa5 35.
g5 Qb6 36.f4 Qd6 37.f5 a5 38.f6+ Kg8 39.Qe1 Bxh3 40.Qxh4 Bd7 41.Qh6 Qf8 
42.Qh2 Qb4 43.Qh6 Qf8 44.Qh2 Qd6 45.Qh6 1/2-1/2

[Event "Deltalift Open"]
[Site "Tylosand"]
[Date "2016.05.06"]
[Round "6.21"]
[White "Segerberg, Tomas"]
[Black "Cedervall, Magnus"]
[Result "1-0"]
[WhiteElo "2099"]
[BlackElo "1965"]

1.c4 e5 2.Nc3 Nf6 3.Nf3 Nc6 4.a3 d5 5.cxd5 Nxd5 6.Qc2 g6 7.e3 Bg7 8.Bb5 
O-O 9.Nxd5 Qxd5 10.Bxc6 bxc6 11.e4 Qb5 12.a4 Qa6 13.d3 Rd8 14.Ke2 Rb8 15.
Nd2 Be6 16.f3 Rb4 17.Ra3 Rdb8 18.Rc3 R8b6 19.b3 Bh6 20.Nc4 Bxc4 21.dxc4 
Bxc1 22.Rxc1 Qb7 23.c5 Qa6+ 24.Ke3 Rb8 25.Rd1 Qc8 26.Rdd3 Qe6 27.Qd1 Kg7 
28.Kf2 a5 29.h3 h6 30.Ke2 Qf6 31.Qd2 Qe6 32.Qc2 Qf6 33.Kd1 Qg5 34.Qd2 Qg3 
35.Kc2 Qh4 36.Rd7 R4b7 37.Kb2 Qf6 38.Ka3 Qe6 39.Qd3 h5 40.Rd8 Qe7 41.Rxb8 
Rxb8 42.Rc4 Rb4 43.Qc3 Rxc4 44.Qxc4 Qd7 45.Qc3 Kf6 46.f4 Qd4 47.Qxd4 exd4 
48.b4 g5 49.bxa5 gxf4 50.a6 d3 51.Kb3 Ke5 52.Kc3 Kxe4 53.Kd2 1-0

[Event "Deltalift Open"]
[Site "Tylosand"]
[Date "2016.05.06"]
[Round "6.22"]
[White "Andersson, Robert"]
[Black "Knutsson, Hakan"]
[Result "1-0"]
[WhiteElo "2096"]
[BlackElo "1959"]

1.Nf3 Nf6 2.d4 e6 3.g3 d5 4.Bg2 Be7 5.c4 O-O 6.O-O dxc4 7.Ne5 Qd6 8.Nxc4 
Qa6 9.b3 Rd8 10.Bb2 c5 11.Nbd2 cxd4 12.Nf3 Nc6 13.Nxd4 Bd7 14.Nf3 Nb4 15.
a3 Nbd5 16.Qb1 b5 17.Nce5 Be8 18.e4 Nb6 19.Nd4 Rac8 20.Rd1 Bd6 21.Nd3 Be7 
22.b4 Nc4 23.Nb3 Qb6 24.Ra2 Ng4 25.Nbc5 Nxb2 26.Rxb2 Bf6 27.Re2 Ne5 28.
Nxe5 Bxe5 29.Red2 Rxd2 30.Rxd2 Bd6 31.Nb3 e5 32.Rc2 Bd7 33.Rxc8+ Bxc8 34.
Qc2 Be6 35.Nc5 Bc4 36.Nb3 Qa6 37.Na5 Qc8 38.Bf1 Be6 39.Qxc8+ Bxc8 40.Bxb5 
Kf8 41.Kf1 Bc7 42.Nc4 f6 43.Bc6 Be6 44.Bd5 Bd7 45.Ke1 Bb5 46.Ne3 a5 47.Kd2
axb4 48.axb4 Bb6 49.Kc3 Bxe3 50.fxe3 Ke7 51.Bc4 Bc6 52.Bd5 Bb5 53.Bc4 Bc6 
54.Bd3 Kd6 55.Kc4 Be8 56.Bc2 Kc7 57.Kc5 Bf7 58.Ba4 g5 59.Bc6 Bg6 60.b5 f5 
61.b6+ Kb8 62.exf5 Bxf5 63.e4 Bc8 64.Kd6 1-0

[Event "Deltalift Open"]
[Site "Tylosand"]
[Date "2016.05.06"]
[Round "6.23"]
[White "Wallenas, Daniel"]
[Black "Persson, Anders"]
[Result "0-1"]
[WhiteElo "1860"]
[BlackElo "2074"]

1.c4 e5 2.Nc3 Nf6 3.Nf3 Nc6 4.g3 Bc5 5.Bg2 d6 6.O-O O-O 7.Na4 Bb6 8.e3 Be6
9.b3 Qd7 10.d4 exd4 11.exd4 Bg4 12.Nxb6 axb6 13.Bb2 Rfe8 14.d5 Ne7 15.Bxf6
gxf6 16.Qd4 Bxf3 17.Bxf3 Qf5 18.Bg4 Qe5 19.Qd2 f5 20.Rae1 Qf6 21.Bh3 f4 
22.gxf4 Ng6 23.f5 Rxe1 24.Rxe1 Nh4 25.Qf4 Rxa2 26.Kh1 Ra1 27.Rg1+ Qg7 28.
Qg4 Rxg1+ 29.Qxg1 Qxg1+ 30.Kxg1 Kg7 31.f4 Nf3+ 32.Kf2 Nd2 33.Ke3 Nxb3 34.
Bf1 Kf6 35.Bd3 Nc5 36.Bc2 Kg7 37.Kf3 Kh6 38.Kg4 Nd7 39.Kf3 Nf6 40.h3 b5 
41.Bd3 bxc4 42.Bxc4 Kg7 43.Ke3 Nh5 44.Bb5 Kf6 45.Bd7 Ng3 46.Bc8 b6 47.Kf3 
Nxf5 48.Ke4 Ne7 49.Bd7 Ng8 50.Be8 Nh6 51.Bd7 Kg6 52.Kf3 Ng8 53.Ba4 Nf6 54.
Bb3 Kh5 55.Kg2 Kh4 56.Bc4 b5 57.Bb3 b4 58.Kh2 Ne4 59.Bc2 Nd2 60.Bxh7 b3 
0-1

[Event "Deltalift Open"]
[Site "Tylosand"]
[Date "2016.05.06"]
[Round "6.24"]
[White "Pettersson, Kjell"]
[Black "Szumniak, Jedrzej"]
[Result "1/2-1/2"]
[WhiteElo "2059"]
[BlackElo "1945"]

1.f4 d5 2.Nf3 c5 3.e3 Nf6 4.d4 g6 5.c3 Bg7 6.Bd3 b6 7.Qe2 O-O 8.O-O Bb7 9.
Bd2 Nc6 10.Be1 e6 11.Bh4 Qc7 12.Bxf6 Bxf6 13.Ne5 Nxe5 14.fxe5 Bg7 15.Qg4 
Qe7 16.Nd2 a5 17.Rf3 Ba6 18.Bxa6 Rxa6 19.Raf1 b5 20.Nb3 c4 21.Nc5 Rc6 22.
Rf6 Rxc5 23.dxc5 Bxf6 24.exf6 Qxc5 25.Qg5 Rd8 26.Rf3 Qf8 1/2-1/2

[Event "Harplinge Mini Open"]
[Site "Tylosand"]
[Date "2016.05.07"]
[Round "7.1"]
[White "Jonsson, Filip"]
[Black "Nielsen, Tim"]
[Result "0-1"]
[WhiteElo "1421"]
[BlackElo "1585"]

1.g3 d5 2.c4 d4 3.d3 c5 4.e3 e5 5.exd4 exd4 6.Qe2+ Be7 7.Bg2 Nf6 8.Nf3 O-O
9.O-O Re8 10.Qc2 Nc6 11.a3 Bg4 12.Bg5 h6 13.Bxf6 Bxf6 14.Nbd2 Bf5 15.Rfe1 
Qd7 16.Rab1 Rab8 17.Nb3 b6 18.Rbc1 Bh3 19.Nbd2 Bxg2 20.Kxg2 Bg5 21.h4 Bxd2
22.Qxd2 Qf5 23.Rb1 a5 24.b3 Kf8 25.Rbd1 Rxe1 26.Rxe1 Re8 27.Rxe8+ Kxe8 28.
Qe2+ Kd7 29.Qd2 Kd6 30.Qf4+ Qxf4 31.gxf4 Ke6 32.Kg3 Kf5 33.Ne1 Ne7 34.Ng2 
Ng8 35.Ne1 Nf6 36.Ng2 Nh5+ 37.Kf3 g6 38.a4 f6 39.Ne1 Nxf4 40.Kg3 Ne2+ 0-1

[Event "Harplinge Mini Open"]
[Site "Tylosand"]
[Date "2016.05.07"]
[Round "7.2"]
[White "Wernberg, Hugo"]
[Black "Bensryd, Hampus"]
[Result "1-0"]
[WhiteElo "1438"]
[BlackElo "1480"]

1.e4 e5 2.Nf3 Nc6 3.Bc4 Bc5 4.Nc3 Nf6 5.d3 h6 6.h3 d6 7.Na4 Bb6 8.Nxb6 
axb6 9.O-O Na5 10.Nd2 O-O 11.b4 Nxc4 12.Nxc4 Be6 13.Ne3 c6 14.Bb2 Nd7 15.
c4 f5 16.Nxf5 Bxf5 17.exf5 Rxf5 18.Qg4 Rg5 19.Qe6+ Kh7 20.h4 Nf8 21.Qh3 
Rg6 22.f4 exf4 23.Rxf4 d5 24.Qf5 Qd7 25.Qxd7 Nxd7 26.Rf7 Rd8 27.cxd5 Nf6 
28.Bxf6 Rxf6 29.Rxf6 gxf6 30.dxc6 bxc6 31.Rc1 c5 32.bxc5 bxc5 33.Rxc5 Rxd3
34.h5 Rd1+ 35.Kh2 Ra1 36.Rc7+ Kg8 37.Ra7 Kf8 38.a4 Ke8 39.a5 Ra4 40.a6 Ra5
41.Ra8+ Kd7 42.a7 Kc7 43.Rh8 Rxa7 44.Rh7+ Kb6 45.Rxa7 Kxa7 46.Kg3 Kb7 47.
Kf4 Kc7 48.Kf5 Kd7 49.Kxf6 Ke8 50.Kg6 Kf8 51.Kxh6 Kg8 52.g4 Kh8 53.g5 Kg8 
54.g6 Kh8 55.Kg5 Kg7 56.Kf5 Kg8 57.Kf6 Kf8 58.g7+ Kg8 59.h6 1-0

[Event "Harplinge Mini Open"]
[Site "Tylosand"]
[Date "2016.05.07"]
[Round "7.3"]
[White "Dingertz, Erik"]
[Black "Ivarsson, Sebastian"]
[Result "1/2-1/2"]
[WhiteElo "1303"]
[BlackElo "1368"]

1.e4 e5 2.Nf3 Nc6 3.d4 exd4 4.Nxd4 Nf6 5.Nc3 Bb4 6.Bd3 Nxd4 7.Bg5 h6 8.Bh4
Nc6 9.O-O Be7 10.Re1 d6 11.f4 Ng4 12.Bg3 Bh4 13.Qf3 Nd4 14.Qd1 Bxg3 15.
hxg3 h5 16.f5 Ne5 17.Re3 Qg5 18.Re1 Qxg3 19.Be2 Nxe2+ 20.Qxe2 Ng4 21.Qf3 
Qxf3 22.gxf3 Ne5 23.Kf2 b6 24.Rh1 Bb7 25.Rag1 g6 26.f4 Ng4+ 27.Rxg4 Ke7 
28.Rg5 Rag8 29.Rhg1 Kf6 30.Nd5+ Bxd5 31.exd5 h4 32.R1g4 h3 33.Rg1 h2 34.
Rh1 Re8 35.Rg2 Kxf5 36.Kf3 Rh3+ 37.Rg3 Rxg3+ 38.Kxg3 Re3+ 39.Kf2 Kxf4 40.
Rxh2 Re5 41.c4 b5 42.b3 bxc4 43.bxc4 Rh5 44.Rg2 Ke4 45.Rg4+ Kd3 46.Kg3 Re5
47.Rh4 Re3+ 48.Kf2 Re2+ 49.Kf1 Rxa2 50.Rf4 Ra1+ 51.Kf2 Ra2+ 52.Kg3 Ra3 53.
Rf3+ Kxc4 54.Rxa3 Kxd5 55.Rxa7 c5 56.Rxf7 Kd4 57.Rf6 d5 58.Kf2 Kd3 59.Rxg6
c4 60.Rg3+ Kd2 61.Rg5 d4 62.Rg4 Kc3 63.Ke2 d3+ 64.Kd1 Kb3 65.Rxc4 Kxc4 66.
Kd2 Kd4 67.Kd1 Kc3 68.Kc1 1/2-1/2

[Event "Harplinge Mini Open"]
[Site "Tylosand"]
[Date "2016.05.07"]
[Round "7.4"]
[White "Sadiku, Lorik"]
[Black "Sixt, Ylva"]
[Result "1-0"]
[WhiteElo "1463"]
[BlackElo "1068"]

1.d4 d5 2.c4 e6 3.Nc3 Nf6 4.Bf4 Nbd7 5.e3 c5 6.Bd3 Be7 7.Nf3 O-O 8.O-O b6 
9.Nb5 a6 10.Bc7 Qe8 11.Nd6 Bxd6 12.Bxd6 Qd8 13.Bxf8 Kxf8 14.Qc2 g6 15.e4 
Bb7 16.cxd5 exd5 17.e5 Ne4 18.Nd2 Ng5 19.f4 Ne6 20.dxc5 Nd4 21.Qa4 bxc5 
22.b3 Bc6 23.Qa3 Kg8 24.Nf3 Ne6 25.g3 Qb6 26.Kg2 f6 27.exf6 Nxf6 28.Rfe1 
Ne4 29.Ne5 Bb7 30.Ng4 Nc3 31.Kf1 Ne4 32.Bxe4 dxe4 33.Nf6+ Kg7 34.Nxe4 Qb5+
35.Kf2 Qd3 36.Rad1 Qb5 37.Nd6 Qb6 38.Nxb7 c4+ 39.Kf1 c3 40.Qe7+ Kh6 41.
Qxe6 Qb5+ 42.Qc4 Qxb7 43.Qe4 Qb5+ 44.Kg2 Rc8 45.g4 Kg7 46.Qe5+ Qxe5 47.
fxe5 Kf7 48.Re2 Ke6 49.Rc1 a5 50.Rcc2 h6 51.Re3 Kd5 52.Rexc3 1-0